00257 a2200121 4500001000700000020001700007040001100024100001900035240003500054245003000089300000700119362000900126184897 a85-16-7843-X cMagnum aAlmeida, Zelia10aE por falar em chaminéslpor10aE por falar em chaminés a160 a1975